00768nam a2200181 a 4500008004100000050001700041245005800058246004500116260006100161300001600222350000900238490005800247650001400305650003900319995008600358999001700444952012500461120416s2003 ||||||||||||||||| || u aUN-ESCWA(08)10aGlobal forecasts and predictions for the ESCWA Region amonetary and fiscal trends and forecasts aNew YorkbUnited Nations Economic and Social Commic2003 a53p. : ill. a0.00 aGlobal Forecasts and Predictions for the ESCWA Region 0aECONOMICS aASIA, WESTERN--ECONOMIC CONDITIONS D0.00FCBU-MAIN LIBRARY (Kitwe)H1I0.00M1UAVAILABLEZInternational Publications c44661d44661 00102lcc4070a001b001cInternational Publicationsd2022-11-30l0oUN-ESCWA(08)p9019571r2022-11-30w2022-11-30y002